| 000 | 00943nam a22002417a 4500 | ||
|---|---|---|---|
| 999 |
_c15509 _d15509 |
||
| 003 | AR-CdUCM | ||
| 008 | 190427b ||||| |||| 00| 0 spa d | ||
| 040 |
_aMUNICIPALIDAD PROVINCIAL DEL CUSCO _cBIBLIOTECA MUNICIPAL DEL CUSCO |
||
| 041 | _heng | ||
| 082 |
_a108 / _bR96 / 1927 |
||
| 100 |
_aRussell, Bertrand _916285 |
||
| 245 | _aAnálisis de la materia / | ||
| 260 |
_aMadrid : _bRevista de Occidente, _c1927. |
||
| 300 |
_a414 páginas ; _c22.5 cm. |
||
| 440 |
_aBiblioteca de la Revista de Occidente. _n28 _934606 |
||
| 505 | _aContenido: Naturaleza del problema -- La física pre-relativista -- Electrones y protones -- La teoría de los quanta -- La teoría especial de la relatividad -- La teoría general de la relatividad ... | ||
| 650 |
_aEspacio y tiempo _94107 |
||
| 650 |
_aMateria _9883 |
||
| 650 |
_aCiencia _92098 |
||
| 700 |
_aMellado, Eulogio (traducción) _934607 |
||
| 942 |
_2ddc _cLIBROS |
||
| 945 |
_apjha _d2019-05-07 |
||